Spices at a Glance: (Record no. 206294)

MARC details
000 -LEADER
fixed length control field 00832nam a22002417a 4500
005 - DATE AND TIME OF LATEST TRANSACTION
control field 20241011110437.0
010 ## - LCCN (DPL NO)
LC control number ENG-142082
020 ## - INTERNATIONAL STANDARD BOOK NUMBER
International Standard Book Number 9789390435210
Terms of availability 295.00
035 ## - SYSTEM CONTROL NUMBER
System control number EN-125614
037 ## - SOURCE OF ACQUISITION
Source of stock number/acquisition DBAD
082 ## - DEWEY DECIMAL CLASSIFICATION NUMBER
Classification number 615.32
Edition number 1
100 ## - MAIN ENTRY--PERSONAL NAME
Personal name Yuvaraj, K M
245 ## - TITLE STATEMENT
Title Spices at a Glance:
Statement of responsibility, etc By K M Yuvara...[et.al]
Remainder of title Plantation Medicinal and Aromatic Crops/
250 ## - EDITION STATEMENT
Edition statement 1
260 ## - PUBLICATION, DISTRIBUTION, ETC. (IMPRINT)
Place of publication, distribution, etc New Delhi
Name of publisher, distributor, etc Astral International Pvt. Ltd
Date of publication, distribution, etc 2022
270 ## - ADDRESS
Address 4736/23 Ansari Road Daryaganj
City New Delhi
Postal code 110002
Electronic mail address info@astralint.com
Telephone number 011-43549197,
300 ## - PHYSICAL DESCRIPTION
Extent 192p.
Dimensions 23cm(pb)
700 ## - ADDED ENTRY--PERSONAL NAME
Personal name Sivaram, G Thanuja
Relator term Author
9 (RLIN) 72640
700 ## - ADDED ENTRY--PERSONAL NAME
Personal name Raghuveer, S
Relator term Author
9 (RLIN) 72641
700 ## - ADDED ENTRY--PERSONAL NAME
Personal name Reddy, G Chandramohan
Relator term Author
9 (RLIN) 72642
700 ## - ADDED ENTRY--PERSONAL NAME
Personal name Vali, D Mastan
Relator term Author
9 (RLIN) 72643
942 ## - ADDED ENTRY ELEMENTS (KOHA)
Source of classification or shelving scheme Dewey Decimal Classification
Item type English Books
Classification part 615.32
Call number suffix YUV
Holdings
Withdrawn status Lost status Not for loan Collection code Home library Current library Date acquired Source of acquisition Cost, normal purchase price Full call number Barcode Copy number Cost, replacement price Koha item type
    Not For Loan Non-fiction Bawana Bawana 11/10/2024 Delivery of Books Act Division 295.00 615.32 YUV EN-125614 1 295.00 English Books

© Delhi Public Library
Hit Counter
free hit counter